=LDR 00000nam 2200000 4500 =001 INLIS000000000019940 =005 20130612114940 =008 ***********************************Ind** =035 ##$$0010-061300000019940 =041 ##$$a Ind =082 ##$$a 500.2 =090 ##$$a 500.2, Van v =100 ##$$a Vancleave, Janice =245 ##$$a Sains dari masa ke masa, Janice Vancleave ; alih bahasa, Endang Naskah Alamiah =260 ##$$a 2004 $b Jakarta =300 ##$$a 124 hlm, ilus, 29 cm =650 ##$$a Sains =850 ##$$a NBPNMAT